| 000 | 00586nam a22002057a 4500 | ||
|---|---|---|---|
| 003 | BUBTL | ||
| 008 | 140130b xxu||||| |||| 00| 0 eng d | ||
| 020 | _a0-07-006883-6 | ||
| 082 | _a658.7/BOL | ||
| 100 |
_9100 _aBowersox, Donald J. |
||
| 245 |
_aLogistical management _cby Donald J. Bowersox & David J. Closs. |
||
| 260 |
_aNew York, _bMcGraw Hill, _cc1996. |
||
| 300 |
_axix , 730p . : _bill . 25cm |
||
| 500 | _aIncludes Index | ||
| 650 | 0 |
_939 _aManagement |
|
| 700 |
_9101 _a Closs, David J. |
||
| 856 |
_k0 _l0 _yDownload |
||
| 942 |
_2ddc _cBK |
||
| 999 |
_c82 _d82 |
||